000 00728nam a2200229Ia 4500
003 OSt
005 20220923214505.0
006 a|||||r|||| 00| 0
007 ta
008 220922b |||||||| |||| 00| 0 hin d
024 _a169,993
037 _cTextual
040 _aARTS
_cARTS
_bhin
041 _2hin
_ahin
082 _aO152;3MW:11, J1
100 _aगुप्त, विन्ध्वाचल प्रसाद
_9158326
245 0 _aपकौड़ी साह जिन्दाबाद
246 _aPakauड़ī sāh jindābāda
260 _c1951
942 _hO152;3MW:11, J1
_cTEXL
_2CC
999 _c324357
_d324357